000 01588nam a2200373 i 4500
001 768714001
003 CO-MdFUSB
005 20220406104349.0
007 ta
008 110314t2011 inu sb 001 0 eng d
020 _z1575062127
040 _aMiAaPQ
_cCO-MdFUSB
_dMiAaPQ
_bspa
_erda
041 _aeng
082 _223
_a222.1066
_bR821
100 1 _aRoskop, Angela R.
_eautor
245 1 4 _aThe wilderness itineraries :
_bgenre, geography, and the growth of Torah /
_cAngela R. Roskop.
264 1 _aWinona Lake, IN :
_bEisenbrauns,
_c[2011]
264 4 _c© 2011
300 _a311 páginas
_c; 24 cm
336 _2rdacontent
_atexto
_btxt
337 _2rdamedia
_asin mediación
_bn
338 _2rdacarrier
_avolumen
_bnc
490 1 _aHistory, archaeology, and culture of the Levant ;
504 _aIncluye referencias bibliográficas e índices.
505 _aLa Torá como historia: repensar el género. -- Empleo y repertorio: una estrategia de lectura. -- Itinerarios: sus formas y contextos. -- Experimentar con el género: usar fuentes y dar forma a las narrativas. -- Un "anal" israelita. -- Las rutas de la estancia en el desierto: itinerarios y composición Historia. -- Geografía: incrustar texto en la cultura.
506 _aUnlimited access license for APU-affiliated users.
563 _aPasta dura
630 0 7 _aBiblia.
_pAntiguo Testamento
630 7 _aBiblia.
_pPentateuco
_xCrítica, interpretación, etc.
830 0 _aHistory, archaeology, and culture of the Levant ;
_vvol. 3.
942 _cBK
945 _aJTF-925
999 _c67412
_d67412